Propiedad indígena /
Guardado en:
| Autor Principal: | |
|---|---|
| Otros Autores: | , , , , |
| Formato: | Libro |
| Idioma: | Spanish |
| Publicado: |
Buenos Aires :
La Ley; Departamento de publicaciones UBA,
2010.
|
| Edición: | 1a. ed. |
| Materias: | |
| Etiquetas: |
Agregar Etiqueta
Sin Etiquetas, Sea el primero en etiquetar este registro!
|
| LEADER | 00816nam a22002535a 4500 | ||
|---|---|---|---|
| 001 | DER.der010960 | ||
| 008 | 180615s2010####ag#||||||||||||||#||spa|| | ||
| 005 | 20231205103658.0 | ||
| 245 | 1 | 0 | |a Propiedad indígena / |c Liliana E. Abreut de Begher. |
| 250 | |a 1a. ed. | ||
| 260 | |a Buenos Aires : |b La Ley; Departamento de publicaciones UBA, |c 2010. | ||
| 300 | |a 249 p. | ||
| 020 | |a 9789870317302 | ||
| 100 | 1 | |a Abreut de Begher. Liliana E., |e dir. y coord. | |
| 700 | 1 | |a Aguilar, Rosana I. | |
| 700 | 1 | |a Kozak, Verónica. | |
| 700 | 1 | |a Kingston,Patricio. | |
| 700 | 1 | |a Quiroga Soria, César. | |
| 700 | 1 | |a Zimerman, Silvina. | |
| 650 | 7 | |a DERECHOS INDIGENAS | |
| 650 | 7 | |a DERECHOS HUMANOS | |
| 650 | 7 | |a PROTECCION LEGAL | |
| 650 | 7 | |a CORTE INTERAMERICANA DE DERECHOS HUMANAS | |
| 859 | |a DERECHO |b BIB. DERECHO |h 341.2 |i PRO |p 006543 | ||
